| 000 | 01464cab a2200289 4500 | ||
|---|---|---|---|
| 001 | ##L132768 | ||
| 008 | 060307n2006 000 0 eng u | ||
| 035 | _a(Sirsi) u132768 | ||
| 041 | 0 | _aeng | |
| 100 | 1 | _aBurn, Suzanne | |
| 245 | 0 | 0 |
_aExpert witnesses _bmaking an impression |
| 260 | _c2006 | ||
| 490 | 0 |
_aNew Law Journal _v156(7213) 24 February 2006, 308-309(2) |
|
| 520 | _aLooks at the qualities expected of an expert witness in civil cases. An expert must be able to assist the court in matters within his expertise, and be independent; be capable of writing a helpful report; be committed to the case; and show a knowledge of court procedure and the Civil Procedure Rules. Outlines the qualities required in an expert's report. Also lists some attributes that will not impress a court. | ||
| 590 | _aIKA140306 | ||
| 650 | 2 | 4 | _aCIVIL PROCEDURE RULES PART 35 |
| 650 | 2 | 4 | _aLIVERPOOL ROMAN CATHOLIC ARCHDIOCESAN TRUST V GOLDBERG (NO 3) |
| 650 | 2 | 4 | _aSPE INTERNATIONAL V PROFESSIONAL PREPARATION CONTRACTORS (UK) LTD |
| 650 | 2 | 4 | _aCAIRNSTORES V AKTIEBOLAGET HASSLE |
| 650 | 2 | 4 | _aPEARCE V OVE ARUP PARTNERSHIP LTD AND OTHERS |
| 650 | 2 | 4 | _aHUSSEIN V WILLIAM HILL GROUP |
| 650 | 2 | 4 | _aPHILLIPS AND ANOTHER V SYMES AND ANOTHER |
| 650 | 2 | 4 | _aGOUGH V MUMMERY |
| 650 | 2 | 4 | _aKRANIDIOTES V PASCHALI |
| 690 | _aMANAGEMENT-DISPUTE AVOIDANCE, MANAGEMENT AND RESOLUTION-DISPUTE MANAGEMENT AND RESOLUTION-EXPERT WITNESSES-EXPERT EVIDENCE | ||
| 942 | _n0 | ||
| 999 |
_c76616 _d76616 |
||